Greening Europe: environmental issues in spatial planning policies and instruments (Record no. 72944)
[ view plain ]
| 000 -LEADER | |
|---|---|
| fixed length control field | 01522cam a2200265 4500 |
| 001 - CONTROL NUMBER | |
| control field | X122776 |
| 008 - FIXED-LENGTH DATA ELEMENTS--GENERAL INFORMATION | |
| fixed length control field | 030627n2003 000 0 eng u |
| 035 ## - SYSTEM CONTROL NUMBER | |
| System control number | (Sirsi) u122776 |
| 100 ## - MAIN ENTRY--PERSONAL NAME | |
| Personal name | Leibenath, M. |
| 245 ## - TITLE STATEMENT | |
| Title | Greening Europe: environmental issues in spatial planning policies and instruments |
| 260 ## - PUBLICATION, DISTRIBUTION, ETC. | |
| Date of publication, distribution, etc. | 2003 |
| 490 ## - SERIES STATEMENT | |
| Series statement | Town Planning Review |
| Volume/sequential designation | 74(1) January 2003, 77-95(19) |
| 520 ## - SUMMARY, ETC. | |
| Summary, etc. | Reports on research into the 'greening' of European spatial development policy. The European Spatial Development Perspective (ESDP) and its application process as well as the Framework for Action on Sustainable Urban Development are key elements of the research, while the main focus of the study is the process of applying environmental principles. The outcome of the study shows that, at least nominally, environmental factors do play a major role in all of the spatial policy instruments investigated. However, they are not yet given sufficient emphasis, something which is also the case for the ESDP itself and that part of its implementation process related to the Community initiative, INTERREG. Figures. Tables. References. [Partly taken from journal headnote]. |
| 590 ## - LOCAL NOTE (RLIN) | |
| Local note | ABS |
| 650 ## - SUBJECT ADDED ENTRY--TOPICAL TERM | |
| Topical term or geographic name entry element | ENVIRONMENTAL ISSUES |
| 650 ## - SUBJECT ADDED ENTRY--TOPICAL TERM | |
| Topical term or geographic name entry element | ENVIRONMENTAL POLICY |
| 650 ## - SUBJECT ADDED ENTRY--TOPICAL TERM | |
| Topical term or geographic name entry element | SPATIAL PLANNING |
| 650 ## - SUBJECT ADDED ENTRY--TOPICAL TERM | |
| Topical term or geographic name entry element | PLANNING POLICY |
| 650 ## - SUBJECT ADDED ENTRY--TOPICAL TERM | |
| Topical term or geographic name entry element | INTERREG |
| 650 ## - SUBJECT ADDED ENTRY--TOPICAL TERM | |
| Topical term or geographic name entry element | URBAN DEVELOPMENT |
| 650 ## - SUBJECT ADDED ENTRY--TOPICAL TERM | |
| Topical term or geographic name entry element | EUROPEAN SPATIAL DEVELOPMENT PERSPECTIVE |
| 690 ## - LOCAL SUBJECT ADDED ENTRY--TOPICAL TERM (OCLC, RLIN) | |
| Topical term or geographic name as entry element | INTERNATIONAL-EUROPE |
| 700 ## - ADDED ENTRY--PERSONAL NAME | |
| Personal name | Pallagst, K. |
| 942 ## - ADDED ENTRY ELEMENTS (KOHA) | |
| Suppress in OPAC | 0 |
| Withdrawn status | Lost status | Source of classification or shelving scheme | Damaged status | Not for loan | Home library | Current library | Shelving location | Date acquired | Total Checkouts | Full call number | Barcode | Date last seen | Copy number | Price effective from | Koha item type |
|---|---|---|---|---|---|---|---|---|---|---|---|---|---|---|---|
| Dewey Decimal Classification | London | London | Journal article | 27/06/2003 | X122776 | 122776-1001 | 06/08/2019 | 1 | 06/08/2019 | Journal article |